| 000 | 01571cam a22003977a 4500 | ||
|---|---|---|---|
| 001 | 1904 | ||
| 005 | 20231009125130.0 | ||
| 020 | _a9780061996610 (trade bdg.) | ||
| 020 | _a0061996610 (trade bdg.) | ||
| 020 | _a9780061996627 (lib. bdg.) | ||
| 020 | _a0061996629 (lib. bdg.) | ||
| 040 |
_aBTCTA _beng _cBTCTA _dUKMGB _dBDX _dIEB _dIHI _dON8 _dMJ8 _dDLC |
||
| 050 | 0 | 0 |
_aPZ7.P361 _bBh 2012 |
| 082 | 0 | 4 |
_a[Fic] _223 |
| 100 | 1 | _aPeirce, Lincoln. | |
| 245 | 1 | 0 |
_aBig Nate goes for broke / _cLincoln Peirce. |
| 250 | _a1st ed. | ||
| 260 |
_aNew York : _bHarper, _c2012. |
||
| 300 |
_a216 pages : _billustrations ; _c22 cm |
||
| 490 | 0 |
_aBig Nate ; _vBook 4 |
|
| 505 | _aF | ||
| 520 | _aBig Nate Wright is president of P.S. 38, the after school cartooning club. When he doodles his observations in his cartoon notebook: "Mighty Jefferson Middle School always wins," Nate decides it's time to go from zeroes to heroes! Will Nate crack under the pressure of the "Ultimate Snowdown"? Or lead P.S. 38 to its biggest victory ever? | ||
| 521 |
_a450
_bLexile GN |
||
| 521 |
_aF
_bRaz-Plus |
||
| 650 | 0 |
_aMiddle school students _vJuvenile fiction. |
|
| 650 | 0 |
_aMiddle schools _vJuvenile fiction. |
|
| 650 | 0 |
_aConduct of life _vJuvenile fiction. |
|
| 650 | 1 |
_aMiddle school students _vFiction. |
|
| 650 | 1 |
_aMiddle schools _vFiction. |
|
| 650 | 1 |
_aConduct of life _vFiction. |
|
| 650 | 1 |
_aCartoonists _zUnited States _vFiction.. |
|
| 650 | 1 |
_aCartoons and comics _vFiction. |
|
| 655 | 0 | _aHumorous stories. | |
| 655 | 7 |
_aHumorous fiction. _2gsafd |
|
| 942 |
_2ddc _cBK _n0 |
||
| 999 |
_c1904 _d1904 |
||